000 01234nam a2200325 i 4500
001 197648
003 ES-MaACL
005 20250824063103.0
008 250523s2020 sp a | |||| 000 0 spa
015 _aMON20
017 _aAL 1121-2020
_bOficina Depósito Legal Almería
020 _a9788418398247
035 _a(SpMaBN)a6732737
040 _aSpMaBN
_bspa
_cSpMaBN
_erda
080 _a615.85:636.7
100 1 _aFernández Delgado, Darío
_9241034
_eaut
245 1 0 _aMás perros, menos psiquiatría /
_cDarío Fernández Delgado.
250 _aPrimera edición: 2020
264 1 _a[El Ejido] :
_bLetrame Grupo Editorial,
_c[2020].
300 _a208 páginas :
_bilustraciones (color), gráficos (color) ;
_c22 cm.
336 _aTexto
_aImagen fija
_2rdacontent
337 _asin mediación
_2rdamedia
338 _avolumen
_2rdacarrier
650 0 _aPerros-
_xUso terapéutico
_2embne
_9241035
852 _aES-MaACL
_cDEPOJ
_jN-10540
_xEncuadernación rústica con solapas
_9206663
_hDonación: Editorial
942 _cMONOGRAFIA
_n0
999 _c197648
_d197648